000 00643nam a2200277Ia 4500
005 20260324141414.0
008 008 260324s9999 xx 000 0 eng d
020 _a9781315248875
037 _aEBOOK
040 _aCRL
040 _beng
040 _cCRL
041 _2eng
041 _aeng
084 _qCRL
100 _aPeter Bakewell
_91208067
245 0 _aMines of Silver and Gold in the Americas
260 _bTaylor and Francis
260 _c1997
365 _a
365 _b480
856 _uhttp://www.taylorfrancis.com/books/9781315248875
942 _cEBOOK
999 _c1811130
_d1811130